000 00842nam a2200313Ia 4500
008 170711s9999 xx 000 0 und d
020 _a761505075
050 _a379.1
050 _bM478 1996
100 _aMcGroarty, Daniel
245 _aBreak these chains :
245 _bthe battle for school choice /
245 _cDaniel McGroarty.
260 _aUSA :
260 _bForum,
260 _c1996
300 _axxi, 258 pages :
300 _billustrations ;
300 _c23cm.
500 _aIncludes notes, bibliographic reference and index.
650 _aEducational vouchers --
650 _aEducational vouchers.
650 _aSchool choice --
650 _aSchool choice --
650 _xUnited States -- Case studies.
650 _xUnited States.
650 _xWisconsin -- Milwaukee.
700 _aTitle.
999 _c339938
_d339938